000 00425nam a2200157 i 4500
001 147258
003 ES-MaACL
005 20230906201913.0
007 t|
008 070925s1907 fr ||||1| fre d
100 1 _aTyrrell, George.
_9111809
245 1 4 _aLex orandi or prayer and creed /
_cGeorge Tyrrell.
260 _aParis :
_bGreen and Co,
_c1907.
300 _aXXXIV, 216 p. ;
_c20 cm.
852 _aES-MaACL
_jF-10271
999 _c147258
_d147258